Wheat agriculture and family ties (Registro nro. 50377)
[ vista simple ]
| 000 -CABECERA | |
|---|---|
| Longitud fija campo de control | 01240naa a2200349 c 4500 |
| 001 - NÚMERO DE CONTROL | |
| Número de control | 50377 |
| 003 - IDENTIFICADOR DE NÚMERO DE CONTROL | |
| Identificador del número de control | ES-MaCES |
| 005 - FECHA Y HORA DE LA ÚLTIMA TRANSACCIÓN | |
| Fecha y hora de la última transacción | 20171220111317.0 |
| 008 - CAMPO FIJO DE DESCRIPCIÓN FIJA--INFORMACIÓN GENERAL | |
| Códigos de información de longitud fija | 171220s2017 ne ||||| t||||||| ||eng d |
| 040 ## - FUENTE DE CATALOGACIÓN | |
| Centro catalogador de origen | ES-MaCES |
| Lengua de catalogación | spa |
| Centro transcriptor | ES-MaCES |
| Centro modificado | ES-MaCES |
| 100 ## - ENCABEZAMIENTO PRINCIPAL--NOMBRE PERSONAL | |
| 9 (RLIN) | 38833 |
| Nombre de persona | Ang, James B. |
| 245 10 - MENCIÓN DE TÍTULO | |
| Título | Wheat agriculture and family ties |
| Mención de responsabilidad, etc. | James B. Ang, Per G. Fredriksson |
| 500 ## - NOTA GENERAL | |
| Nota general | Resumen |
| 504 ## - NOTA DE BIBLIOGRAFÍA, ETC. | |
| Nota de bibliografía, etc. | Bibliografía: p. 255-256 |
| 650 #4 - ASIENTO SECUNDARIO DE MATERIA--TÉRMINO DE MATERIA | |
| 9 (RLIN) | 27318 |
| Término de materia o nombre geográfico como elemento inicial | familia |
| 650 #4 - ASIENTO SECUNDARIO DE MATERIA--TÉRMINO DE MATERIA | |
| 9 (RLIN) | 30080 |
| Término de materia o nombre geográfico como elemento inicial | trabajador familiar |
| 650 #4 - ASIENTO SECUNDARIO DE MATERIA--TÉRMINO DE MATERIA | |
| 9 (RLIN) | 29733 |
| Término de materia o nombre geográfico como elemento inicial | granja familiar |
| 650 #4 - ASIENTO SECUNDARIO DE MATERIA--TÉRMINO DE MATERIA | |
| 9 (RLIN) | 27489 |
| Término de materia o nombre geográfico como elemento inicial | agricultura |
| 650 #4 - ASIENTO SECUNDARIO DE MATERIA--TÉRMINO DE MATERIA | |
| 9 (RLIN) | 27093 |
| Término de materia o nombre geográfico como elemento inicial | desarrollo económico |
| 650 #4 - ASIENTO SECUNDARIO DE MATERIA--TÉRMINO DE MATERIA | |
| 9 (RLIN) | 29369 |
| Término de materia o nombre geográfico como elemento inicial | producto interior bruto |
| 650 #4 - ASIENTO SECUNDARIO DE MATERIA--TÉRMINO DE MATERIA | |
| 9 (RLIN) | 27094 |
| Término de materia o nombre geográfico como elemento inicial | crecimiento económico |
| 650 #4 - ASIENTO SECUNDARIO DE MATERIA--TÉRMINO DE MATERIA | |
| 9 (RLIN) | 28259 |
| Término de materia o nombre geográfico como elemento inicial | productividad |
| 650 #4 - ASIENTO SECUNDARIO DE MATERIA--TÉRMINO DE MATERIA | |
| 9 (RLIN) | 27082 |
| Término de materia o nombre geográfico como elemento inicial | consecuencias económicas |
| 650 #4 - ASIENTO SECUNDARIO DE MATERIA--TÉRMINO DE MATERIA | |
| 9 (RLIN) | 27069 |
| Término de materia o nombre geográfico como elemento inicial | econometría |
| 650 #4 - ASIENTO SECUNDARIO DE MATERIA--TÉRMINO DE MATERIA | |
| 9 (RLIN) | 28889 |
| Término de materia o nombre geográfico como elemento inicial | análisis estadístico |
| 650 #4 - ASIENTO SECUNDARIO DE MATERIA--TÉRMINO DE MATERIA | |
| 9 (RLIN) | 28373 |
| Término de materia o nombre geográfico como elemento inicial | Estados Unidos |
| 653 10 - TÉRMINO DE INDEXACIÓN--NO CONTROLADO | |
| Término no controlado | Economía |
| 700 ## - ENCABEZAMIENTO SECUNDARIO--NOMBRE PERSONAL | |
| 9 (RLIN) | 38834 |
| Nombre de persona | Fredriksson, Per G. |
| 773 0# - ENTRADA DE DOCUMENTO FUENTE | |
| Itemnumber del ítem fuente | 86840 |
| Lugar, editor y fecha de publicación | Amsterdam (P.O. Box 211, 1000 AE) Elsevier Science |
| Otro identificador del documento | 089736 |
| Título | European economic review |
| Número de control del registro relacionado | (ES-MaCES)25173 |
| Parte(s) relacionada(s) | vol. 100 (Nov. 2017) {10156 R. 089736} ;p. 236-256 |
| 902 ## - CES. TIPO DE DOCUMENTO | |
| Tipodoc (006$c Sirtex) | ART Artículo de revista |
| 942 ## - ELEMENTOS KOHA | |
| Fuente de clasificaión o esquema | Clasificación propia del CES |
| Koha [por defecto] tipo de item | Artículos (1982-2017) |
| Parte de clasificación | Economía |
No hay ítems disponibles.
